Holiday Quiz

Random Holiday or Canada Quiz

Which Holiday IV Quiz Stats

 Plays Quiz not verified by Sporcle

Score 0/20 Timer 05:00
0 Plays Today
Question Answer Wrong Answers
Hattie McDaniel became the first African American woman to win an Oscar Leap Day
45.2%
Pearl Harbor Day
12.5%
Canada Day
8.6%
Pi Day
23.5%
Martin Van Buren elected the 8th President of the United States Pearl Harbor Day
42.9%
Leap Day
17.6%
Canada Day
14.6%
Pi Day
11.9%
Prince Edward Island became the seventh Canadian Province Canada Day
42.6%
Leap Day
15.5%
Pearl Harbor Day
13.7%
Pi Day
14.6%
First Tour De France bicycle race began Canada Day
40.5%
Leap Day
14.6%
Pearl Harbor Day
14.6%
Pi Day
17%
Gordie Howe became the first NHL player to score 800 career goals Leap Day
33.6%
Pearl Harbor Day
19.3%
Canada Day
19.6%
Pi Day
16.1%
President Dwight Eisenhower announced he will seek a second term Leap Day
33.3%
Pearl Harbor Day
22.6%
Canada Day
17.9%
Pi Day
15.8%
Lou Gehrig was elected to Baseball's Hall Of Fame Pearl Harbor Day
33.3%
Leap Day
22%
Canada Day
16.7%
Pi Day
16.4%
The first Playboy Club opened in Chicago, IL Leap Day
33%
Pearl Harbor Day
19.6%
Canada Day
15.5%
Pi Day
20.2%
Spain became a member of the NATO Alliance Pearl Harbor Day
32.1%
Leap Day
19.9%
Canada Day
22%
Pi Day
14.3%
First international telephone conversation Canada Day
31.5%
Leap Day
23.5%
Pearl Harbor Day
17.6%
Pi Day
17.3%
The first NFL-AFL Common Draft took place Pi Day
31.5%
Leap Day
19.3%
Pearl Harbor Day
15.8%
Canada Day
20.5%
Hank Aaron became the first MLB player to sign for $200k a year Leap Day
31.3%
Pearl Harbor Day
24.4%
Canada Day
13.4%
Pi Day
20.5%
Eli Whitney patented the cotton gin Pi Day
29.8%
Leap Day
20.8%
Pearl Harbor Day
15.5%
Canada Day
19%
Apollo 17 was launched Pearl Harbor Day
27.1%
Leap Day
20.2%
Canada Day
21.4%
Pi Day
18.8%
First National Bird Reservation was established Pi Day
26.8%
Leap Day
24.7%
Pearl Harbor Day
16.1%
Canada Day
21.1%
Chicago's Comiskey Park opened Canada Day
26.2%
Leap Day
20.2%
Pearl Harbor Day
16.1%
Pi Day
25.6%
Ivory Coast claimed independence from France Pearl Harbor Day
26.2%
Leap Day
19.9%
Canada Day
22.9%
Pi Day
18.8%
The first American town meeting took place Pi Day
25.9%
Leap Day
25.3%
Pearl Harbor Day
18.2%
Canada Day
21.4%
Sunglasses were invented in China Canada Day
25%
Leap Day
21.1%
Pearl Harbor Day
22.6%
Pi Day
20.5%
The FBI's 10 Most Wanted Fugitives program began Pi Day
22.9%
Leap Day
22.9%
Pearl Harbor Day
23.5%
Canada Day
17.9%

You're not logged in!

Compare scores with friends on all Sporcle quizzes.
OR
Log In

Show Comments

Extras

Top Quizzes Today


Score Distribution

Your Account Isn't Verified!

In order to create a playlist on Sporcle, you need to verify the email address you used during registration. Go to your Sporcle Settings to finish the process.

Report this User

Report this user for behavior that violates our Community Guidelines.

Details: